Elementos de Matemáticas / (Record no. 152871)

MARC details
000 -LEADER
campo de control de longitud fija 00889nam a2200193 i 4500
001 - NÚMERO DE CONTROL
campo de control 152871
003 - IDENTIFICADOR DE NÚMERO DE CONTROL
campo de control ES-MaACL
005 - FECHA Y HORA DE LA ÚLTIMA TRANSACCIÓN
campo de control 20250903011203.0
008 - DATOS DE LONGITUD FIJA--INFORMACIÓN GENERAL
campo de control de longitud fija 931025m18791880sp |||| | spa d
100 1# - ENTRADA PRINCIPAL--NOMBRE DE PERSONA
Nombre de persona Burillo de Santiago, Manuel.
9 (RLIN) 126241
245 10 - MENCIÓN DEL TÍTULO
Título Elementos de Matemáticas /
Mención de responsabilidad, etc. por Manuel Burillo de Santiago.
260 ## - PUBLICACIÓN, DISTRIBUCIÓN, ETC.
Lugar de publicación, distribución, etc. Córdoba :
Nombre del editor, distribuidor, etc. [s.n.],
Fecha de publicación, distribución, etc. 1879-1880 (
Fabricante Imprenta Libreria y Litografia del Diario)
300 ## - DESCRIPCIÓN FÍSICA
Extensión 2 v. :
Otras características físicas il. ;
Dimensiones 24 cm.
505 8# - NOTA DE CONTENIDO CON FORMATO
Nota de contenido con formato Contiene : Vol. I: Aritmética y Algebra (IV, 275 p.) -- Vol. II: Geometria y Trigonometria ( 327 p.)
650 07 - PUNTO DE ACCESO ADICIONAL DE MATERIA--TÉRMINO DE MATERIA
Término de materia o nombre geográfico como elemento de entrada Matemáticas
Fuente del encabezamiento o término embne
9 (RLIN) 14814
852 ## - LOCALIZACIÓN
Ubicación ES-MaACL
Número de control de estantería F-5454
Nota libre -- Enc. pasta española
condición física -- Contiene únicamente T. II (328 p.)
856 ## - LOCALIZACIÓN Y ACCESO ELECTRÓNICOS
Identificador Uniforme de Recursos <a href="http://bibliotecadigitalhispanica.bne.es:80/webclient/DeliveryManager?pid=1684445&custom_att_2=simple_viewer">http://bibliotecadigitalhispanica.bne.es:80/webclient/DeliveryManager?pid=1684445&custom_att_2=simple_viewer</a>
Nota pública Ir a la página
Holdings
Estatus retirado Estado de pérdida Estado de daño No para préstamo Colección Biblioteca de origen Biblioteca actual Ubicación en estantería Fecha de adquisición Fuente de adquisición Total de préstamos Signatura topográfica completa Código de barras Visto por última vez Precio de reemplazo Tipo de ítem Koha
        Colección digital Biblioteca del Ateneo de Madrid Biblioteca del Ateneo de Madrid Depósito 2 17/01/2008     F-5454 1159665 23/02/2023 23/02/2023 Libro impreso antiguo